000 01440nam a2200361Ia 4500
008 130821s1994 ck gr spa
040 _aCo-BoUCM
_bspa
041 0 0 _aspa
100 _aRodríguez R., Gustavo Humberto
_9105050
245 0 0 _aProcesos contenciosos administrativos Parte general
_cGustavo Humberto Rodríguez R..
250 _a3a. ed.
260 _aBogotá (Cundinamarca, Colombia)
_bLibrería Jurídicas Wilches
_c1994
300 _a659 páginas
500 _aActualizado con el decreto 2304 de 1989, la nueva contratción administrativa y la constitución de 1991.
630 _aDecreto 0171 de 1983
_95214
630 _aDecreto 0173 de 1993
_95216
630 _aDecreto 2251 de 1993
_95698
630 _aDecreto 2304 de 1989
_95721
630 _aDecreto 467 de 1986
_96047
630 _aDecreto 597 de 1988
_96134
630 _aLey 11 de 1986
_96448
630 _aLey 22 de 1985
_96614
630 _aLey 80 de 1993
_95073
650 0 4 _aActos administrativos
_zColombia
_9103013
650 0 4 _aContratos administrativos
_zColombia
_939367
650 0 4 _aDerecho administrativo
_912695
650 0 4 _aDerecho administrativo
_zColombia
_931733
650 0 4 _aNulidad (Derecho)
_zColombia
_9118668
650 0 4 _aProcedimiento administrativo
_zColombia
_935079
650 0 4 _aRecurso contencioso administrativo
_zColombia
_975097
942 _cLIBRO
_a8
_e3
_mR63
_2DEWEY
_h342.066
999 _c20951
_d20951